Представление документа в формате MARC21

Поле Инд. ПП Название Значение
Тип записи a
Библиографический уровень m
001 Контрольный номер RU/IS/BASE/374343049
005 Дата корректировки 20220202085501.8
040 a Служба первич. каталог. НБ ТвГУ
041 0_ a Код языка текста rus
080 a Индекс УДК 821.161.1.09
084 a Индекс другой классификации/Индекс ББК Ш33(2=411.2)6
090 a Полочн. индекс 891.7
x Авторский знак Т 41
100 1_ a Автор Тимофеев Леонид Иванович
d Дата 1904-1984
e Роль лиц Автор
245 10 a Заглавие Советская литература
b Продолж. заглавия метод, стиль, поэтика
c Ответственность Л. И. Тимофеев
260 0_ a Место издания Москва
b Издательство Советский писатель
c Дата издания 1964
300 a Объем 521, [2] с.
b Иллюстрации/ тип воспроизводства портр.
504 a Библиография Библиогр. в подстроч. примеч.
653 0_ a Ключевые слова 20 в.
a Ключевые слова Литературоведение
a Ключевые слова История русской литературы
a Ключевые слова История советской литературы
a Ключевые слова Русская советская литература
a Ключевые слова Литература
a Ключевые слова Советская литература
a Ключевые слова Русская литература
a Ключевые слова Поэтика
a Ключевые слова Метод
a Ключевые слова Стиль
852 41 i Расстановочный признак Проверка 2021
901 t Тип документа m
920 a Оператор Лиси
a Оператор Семен
a Оператор Рунт
952 c Вид литературы К рн
954 a Дата поступления на обработку 20111111
e Дата перешифровки 20210924
954 a Дата поступления на обработку 20220202